Lignes Corolles de 1 à 3 et lianes de 1 à 99 terminus - Statistiques

Statistiques générales
  • Ce quiz a été pris 33 fois
    14 depuis la dernière actualisation
  • Le résultat moyen est 18 sur 34
Statistiques - réponses
Réponse Terminus % Correct
Liane 1 Fâches Centre Commercial
88%
Liane 7 Fâches Centre Commercial
88%
Liane 5 Marcq Ferme Aux Oies
75%
Liane 1 Wambrechies Agrippin
75%
Liane 90 Comines Mairie
63%
Corolle 3 Englos Centre Commercial
63%
Liane 90 Gare Lille Europe
63%
L91 Gare Lille Europe
63%
Liane 91E Gare Lille Flandres
63%
Liane 4 Halluin Gounod
63%
L91 Halluin Gounod
63%
Liane 91E Halluin Gounod
63%
Liane 5 Haubourdin le Parc
63%
Corolle 1 Lille CHU Eurasanté
63%
Corolle 2 Lille Chu Eurasanté
63%
Liane 8 Tourcoing Risquons Tout
63%
Liane 1 Wambrechies Château
63%
Liane 8 Hem Blanchisserie
50%
Liane 4 Leers Centre Commercial
50%
Corolle 1 Villeneuve d'Ascq Hôtel de Ville
50%
Corolle 3 Villeneuve d'Ascq Hôtel de Ville
50%
Liane 99 Armentières Le Bizet
38%
Liane 6 Fort de Mons
38%
Liane 5 La Madeleine Montgolfier
38%
Liane 7 Lille Portes des Postes
38%
Liane 92 Lille Portes des Postes
38%
Liane 99 Lomme St Philibert
38%
Liane 2 Loos Les Oliveaux
38%
Corolle 2 Pérenchies Europe
38%
Liane 92 Seclin Centre Hospitalier
38%
Liane 3 Toufflers Douane
38%
Liane 6 Villeneuve d'Ascq Contrescarpe
38%
Liane 2 Wattignies Centre Commercial
38%
Liane 3 Wattrelos Quartier Beaulieu
38%
Aucun quiz correspondant
Distribution des résultats
% des personnes avec chaque résultat
Percentile par nombre de réponses
Votre historique - résultats
Vous n’avez pas pris ce quiz depuis la dernière actualisation